The Missing Letter - Randomized! - Statistics

General Stats
  • This quiz has been taken 41 times
  • The average score is 13 of 20
Answer Stats
Hint Answer % Correct
ABCDEFGHIJKLMNOPQRSTUWXYZ V
100%
ABCDEGHIJKLMNOPQRSTUVWXYZ F
89%
ABCDEFGHIJKLMNOPQRSTVWXYZ U
88%
ABCDEFGHIJKLMNPQRSTUVWXYZ O
75%
ABCDEFGHIJKLMNOPQRSUVWXYZ T
75%
ABCDEFGHIJKLMNOPQRSTUVWYZ X
75%
ABCDEFHIJKLMNOPQRSTUVWXYZ G
70%
ABDEFGHIJKLMNOPQRSTUVWXYZ C
67%
ABCDEFGHIJKLNOPQRSTUVWXYZ M
63%
ABCDEFGHIJKLMNOPQRSTUVWXZ Y
63%
BCDEFGHIJKLMNOPQRSTUVWXYZ A
57%
ABCDEFGHJKLMNOPQRSTUVWXYZ I
56%
ABCDEFGHIJKLMOPQRSTUVWXYZ N
56%
ACDEFGHIJKLMNOPQRSTUVWXYZ B
43%
ABCEFGHIJKLMNOPQRSTUVWXYZ D
43%
ABCDFGHIJKLMNOPQRSTUVWXYZ E
43%
ABCDEFGHIKLMNOPQRSTUVWXYZ J
43%
ABCDEFGHIJLMNOPQRSTUVWXYZ K
43%
ABCDEFGHIJKLMNOQRSTUVWXYZ P
43%
ABCDEFGHIJKLMNOPQRSTUVWXY Z
43%
ABCDEFGIJKLMNOPQRSTUVWXYZ H
40%
ABCDEFGHIJKLMNOPQRTUVWXYZ S
38%
ABCDEFGHIJKLMNOPRSTUVWXYZ Q
33%
ABCDEFGHIJKLMNOPQRSTUVXYZ W
29%
ABCDEFGHIJKLMNOPQSTUVWXYZ R
13%
ABCDEFGHIJKMNOPQRSTUVWXYZ L
10%
No matching quizzes found
Score Distribution
Percent of People with Each Score
Percentile by Number Answered
Your Score History
You have not taken this quiz